Facebook Addicted Countries Quiz Stats

 Plays Quiz Updated Jan 3, 2016

Challenge
Share
Tweet
Embed
Score 0/30 Timer 06:00
5 Plays Today
Rank Country % Correct
1.United States of America
99.8%
8.France
93.8%
3.United Kingdom
93.3%
6.Mexico
93.2%
11.Germany
92.7%
10.Canada
92.5%
25.Russia
88.8%
14.Spain
88.7%
12.Brazil
88.1%
17.Australia
86.7%
9.Italy
83.6%
5.India
82.4%
13.Argentina
75.6%
22.Egypt
68.9%
27.Sweden
68.8%
Rank Country % Correct
21.Chile
66.5%
23.Poland
65.9%
4.Turkey
63.7%
26.South Korea
61.2%
24.Peru
59.8%
2.Indonesia
56.9%
28.Netherlands
56.8%
15.Colombia
54.2%
30.Pakistan
52.2%
19.Thailand
51.4%
20.Venezuela
51.4%
29.Belgium
49%
7.Philippines
43.8%
16.Malaysia
38.5%
18.Taiwan
34.3%

You're not logged in!

Compare scores with friends on all Sporcle quizzes.
Join for Free
OR
Log In

You Might Also Like...

Show Comments

Extras

Top Quizzes Today


Score Distribution

Your Account Isn't Verified!

In order to create a playlist on Sporcle, you need to verify the email address you used during registration. Go to your Sporcle Settings to finish the process.

Report this User

Report this user for behavior that violates our Community Guidelines.

Details: